Utváření nové sociální regulace v České republice.
Problémy súvisiace so vznikajúcim systémom sociálnej regulácie v bývalej ČSFR. Otázka jeho východísk a problém záťaže alebo výhod z dedičstva minulosti. Nové sociálne problémy, ktoré priniesol začiatok hospodárskej reformy. Adaptácia a transformácia inštitúcií a celého systému sociálnej regulácie.
Gespeichert in:
| 1. Verfasser: | |
|---|---|
| Format: | Buchkapitel |
| Sprache: | Tschechisch |
| Schlagworte: | |
| Tags: |
Keine Tags, Fügen Sie das erste Tag hinzu!
|
MARC
| LEADER | 00000naa a2200000 4500 | ||
|---|---|---|---|
| 001 | r013540 | ||
| 005 | 20221205080443.9 | ||
| 041 | 0 | |a cze | |
| 044 | |a CZ | ||
| 245 | 1 | 0 | |a Utváření nové sociální regulace v České republice. |c Jiří Večerník |
| 520 | |a Problémy súvisiace so vznikajúcim systémom sociálnej regulácie v bývalej ČSFR. Otázka jeho východísk a problém záťaže alebo výhod z dedičstva minulosti. Nové sociálne problémy, ktoré priniesol začiatok hospodárskej reformy. Adaptácia a transformácia inštitúcií a celého systému sociálnej regulácie. | ||
| 610 | 2 | 0 | |a regulácia |
| 610 | 2 | 0 | |a politika sociálna |
| 610 | 2 | 0 | |a ČSFR |
| 610 | 2 | 0 | |a reformy hospodárske |
| 610 | 2 | 0 | |a transformácia |
| 610 | 2 | 0 | |a adaptácia |
| 610 | 2 | 0 | |a Čechy |
| 100 | 1 | |a Večerník, Jiří | |